Cultura y comunicación
Guardat en:
| Autor principal: | |
|---|---|
| Format: | Llibre |
| Idioma: | espanyol |
| Publicat: |
Ciudad de México
Ediciones Coyoacan
1994
|
| Edició: | 1a. ed |
| Col·lecció: | Diálogo Abierto. Comunicación, 29
|
| Matèries: | |
| Etiquetes: |
Afegir etiqueta
Sense etiquetes, Sigues el primer a etiquetar aquest registre!
|
MARC
| LEADER | 00000cam a2200000 a 4500 | ||
|---|---|---|---|
| 001 | UCC0563 | ||
| 003 | CL-VaPUC | ||
| 008 | 170818e19940000mx |||||||||||||||||spa|d | ||
| 020 | |a 9706330305 | ||
| 082 | 0 | 4 | |a 302.23 |b PRI |2 21 |
| 100 | 0 | |a Prieto, Francisco |e author |9 594562 | |
| 245 | 1 | 0 | |a Cultura y comunicación |
| 250 | |a 1a. ed | ||
| 300 | |a 91 p | ||
| 942 | |c BK | ||
| 945 | |d 20170818 15:36:00 |a arojas | ||
| 260 | |a Ciudad de México |b Ediciones Coyoacan |c 1994 | ||
| 650 | 0 | |a Medios de comunicación de masas |9 257273 | |
| 650 | 7 | |a EDUCACION Y CULTURA |2 CL-VaPUC |9 369202 | |
| 583 | |a last modification |c 20170818 15:36:00 |k Rodrigo Vera | ||
| 490 | 0 | |a Diálogo Abierto. Comunicación, 29 | |
| 999 | |c 369367 |d 369365 | ||
| 952 | |0 0 |1 0 |3 erb |4 0 |6 302_230000000000000_PRI_1994 |7 0 |8 A |9 485130 |a BIBEDU |b BIBEDU |i 5415098 |o 302.23 PRI 1994 |p 5415098 |r 2019-11-24 |w 2019-11-24 |y BK |z Catalogado en:20170818 |k PSI | ||